| Registos Bibliográficos associados ao registo de autoridade |
|
Etiqueta de registo: 00254nam 2200025 450 001 2287551 003 http://id.bnportugal.gov.pt/bib/catbnp/2287551 100 ## $a20260608d2023 k y0pory01030103ba 101 0# $aeng$dpor 102 ## $aPT 105 ## $aa m 000yy 106 ## $ar 200 1# $aTracking kinetic typography$e a comparative analysis between eye movements in kinetic typography and serial presentation$fMilda Kuraityté$gorient. Jorge Manuel dos Reis Tavares Duarte, Ann Bessemans 210 #9 $aLisboa$c[s.n.],$d2023 215 ## $a[40], 349 p.$cil.$d30 cm 328 #1 $aTese dout. Belas-Artes (Design de comunicação), Faculdade de Belas-Artes da Universidade
de Lisboa, 2023 700 #1 $aKuraityté,$bMilda$32000143 702 #1 $aReis,$bJorge dos,$f1971-$4727$31012084 702 #1 $aBessemans,$bAnn$4727$32000144 801 #0 $aPT$bBN$gRPC 966 ## $lBN$mFGMON$x1 971 ## $cabrito$d20260608
|
|
|